Android Malware (Record no. 6180)

MARC details
000 -LEADER
fixed length control field 00505nam a22001937a 4500
003 - CONTROL NUMBER IDENTIFIER
control field OSt
005 - DATE AND TIME OF LATEST TRANSACTION
control field 20220107122843.0
008 - FIXED-LENGTH DATA ELEMENTS--GENERAL INFORMATION
fixed length control field 180830b xxu||||| |||| 00| 0 eng d
020 ## - INTERNATIONAL STANDARD BOOK NUMBER
International Standard Book Number 9781461473930
040 ## - CATALOGING SOURCE
Transcribing agency IIITMK
082 ## - DEWEY DECIMAL CLASSIFICATION NUMBER
Classification number 005.432A JIA/A
100 ## - MAIN ENTRY--PERSONAL NAME
Personal name Jiang, Xuxian
9 (RLIN) 14604
245 ## - TITLE STATEMENT
Title Android Malware
Statement of responsibility, etc. Xuxian Jiang
260 ## - PUBLICATION, DISTRIBUTION, ETC.
Place of publication, distribution, etc. New York,
Name of publisher, distributor, etc. Springer,
Date of publication, distribution, etc. 2013.
300 ## - PHYSICAL DESCRIPTION
Extent xi, 44p.
440 ## - SERIES STATEMENT/ADDED ENTRY--TITLE
Title Springer Briefs in Computer Science
9 (RLIN) 14630
700 ## - ADDED ENTRY--PERSONAL NAME
Personal name Zhou, Yajin
9 (RLIN) 14605
942 ## - ADDED ENTRY ELEMENTS (KOHA)
Source of classification or shelving scheme Dewey Decimal Classification
Koha item type Books
Holdings
Withdrawn status Lost status Source of classification or shelving scheme Damaged status Not for loan Collection code Home library Current library Shelving location Date acquired Cost, normal purchase price Total Checkouts Full call number Barcode Date last seen Price effective from Koha item type
    Dewey Decimal Classification     Operating System Kerala University of Digital Sciences, Innovation and Technology Knowledge Centre Kerala University of Digital Sciences, Innovation and Technology Knowledge Centre Computer Science 30/08/2018 3393.00   005.432A JIA/A 5243 03/12/2020 30/08/2018 Books